=LDR 00000nam 2200000 4500 =001 INLIS000000000046892 =005 20180604105353 =035 ##$$a 0010-051500000000151 =008 180604###########################0###### =082 ##$$a 372.35 =090 ##$$a 372.3 wag e.ii2 =100 ##$$a tim nuansa =245 1#$$a ensiklopedi percobaan sain dasar /$c Mike Gembirasari =260 ##$$a Bandung :$b Nuansa,$c 2007 =300 ##$$a hln. 64 =850 ##$$a NPBMAT =020 ##$$a 978-979-1362-52-2-8 =084 ##$$a 372.35 Tim e =990 ##$$a 0001/BPAP-NTB/20142015 =990 ##$$a 75297529 =990 ##$$a 20904285 =990 ##$$a 0001/BPAP-NTB/20142015